[Event "71st RUS-ch Higher League 2018"]
[Site "Yaroslavl"]
[Date "2018.07.02"]
[Round "6"]
[White "Esipenko, Andrey"]
[Black "Bykov, Oleg"]
[Result "1-0"]
[WhiteElo "2599"]
[BlackElo "2375"]
[Annotator "ChessBase"]
[PlyCount "165"]
[EventDate "2018.06.26"]
[EventType "swiss"]
[EventCountry "RUS"]
[SourceTitle "playchess.com"]
[Source "ChessBase"]
[SourceQuality "1"]
[TimeControl "40/5400+30:1800+30"]

1. d4 {[%emt 0:00:00]} Nf6 {[%emt 0:00:00]} 2. Nf3 {[%emt 0:00:00]} d5 {[%emt 0:00:16]} 3. c4 {[%emt 0:00:31]} e6 {[%emt 0:00:13]} 4. g3 {[%emt 0:02:45]} Bb4+ {[%emt 0:00:18]} 5. Bd2 {[%emt 0:00:07]} Bd6 {[%emt 0:00:12]} 6. Nc3 {[%emt 0:00:43]} O-O {[%emt 0:01:37]} 7. Bg5 {[%emt 0:06:49]} c6 {[%emt 0:03:22]} 8. Bg2 {[%emt 0:14:12]} dxc4 {[%emt 0:07:23]} 9. Nd2 {[%emt 0:23:15]} h6 {[%emt 0:09:30]} 10. Bxf6 {[%emt 0:00:07]} Qxf6 {[%emt 0:00:06]} 11. Nxc4 {[%emt 0:00:15]} Bc7 {[%emt 0:00:21]} 12. e3 {[%emt 0:03:03]} e5 {[%emt 0:14:14]} 13. d5 {[%emt 0:01:12]} b5 {[%emt 0:29:03]} 14. Nd2 {[%emt 0:13:23]} b4 {[%emt 0:04:06]} 15. Nb5 {[%emt 0:05:19]} Bb6 {[%emt 0:07:26]} 16. dxc6 {[%emt 0:05:05]} Nxc6 {[%emt 0:01:14]} 17. Ne4 {[%emt 0:08:23]} Qe7 {[%emt 0:01:29]} 18. Ned6 {[%emt 0:00:09]} Bd7 {[%emt 0:00:19]} 19. O-O {[%emt 0:07:52]} Rad8 {[%emt 0:05:56]} 20. Nb7 {[%emt 0:02:15]} Rb8 {[%emt 0:00:23]} 21. N5d6 {[%emt 0:00:15]} Nd8 {[%emt 0:01:54]} 22. Nxd8 {[%emt 0:00:26]} Rfxd8 {[%emt 0:00:27]} 23. Nc4 {[%emt 0:00:19]} Bb5 {[%emt 0:03:43]} 24. Qc2 {[%emt 0:00:06]} Bxc4 {[%emt 0:00:17]} 25. Qxc4 {[%emt 0:00:00]} Rd2 {[%emt 0:00:26]} 26. Qb3 {[%emt 0:00:16]} g6 {[%emt 0:01:15]} 27. Rac1 {[%emt 0:01:01]} Kg7 {[%emt 0:03:18]} 28. Rc4 {[%emt 0:00:06]} Bc7 {[%emt 0:00:44]} 29. Rd1 {[%emt 0:02:20]} Rxd1+ {[%emt 0:00:29]} 30. Qxd1 {[%emt 0:00:05]} Rd8 {[%emt 0:00:53]} 31. Qc2 {[%emt 0:00:10]} Bd6 {[%emt 0:00:29]} 32. h4 {[%emt 0:00:55]} h5 {[%emt 0:00:04]} 33. Bf3 {[%emt 0:00:43]} Rd7 {[%emt 0:00:36]} 34. Bc6 {[%emt 0:00:52]} Rd8 {[%emt 0:00:08]} 35. Qe4 {[%emt 0:00:44]} Rc8 {[%emt 0:01:15]} 36. Qd5 {[%emt 0:00:51]} Rd8 {[%emt 0:02:02]} 37. Qa5 {[%emt 0:00:21]} Rc8 {[%emt 0:00:45]} 38. Rc2 {[%emt 0:00:24]} Rd8 {[%emt 0:00:27]} 39. Bd5 {[%emt 0:00:00]} Rb8 {[%emt 0:00:00]} 40. Rc6 {[%emt 0:00:00]} Rd8 {[%emt 0:00:00]} 41. Be4 {[%emt 0:05:24]} Rb8 {[%emt 0:03:19]} 42. Kg2 {[%emt 0:00:58]} Rd8 {[%emt 0:00:53]} 43. Bd5 {[%emt 0:03:25]} Kf8 {[%emt 0:03:00]} 44. a4 {[%emt 0:04:42]} bxa3 {[%emt 0:01:34]} 45. bxa3 {[%emt 0:00:09]} Kg7 {[%emt 0:07:21]} 46. a4 {[%emt 0:00:16]} Bb4 {[%emt 0:01:30]} 47. Qb5 {[%emt 0:00:09]} a5 {[%emt 0:01:39]} 48. Qc4 {[%emt 0:04:43]} Bd6 {[%emt 0:03:29]} 49. Rb6 {[%emt 0:02:42]} Rd7 {[%emt 0:01:19]} 50. Be4 {[%emt 0:06:27]} Bb4 {[%emt 0:01:36]} 51. Qb5 {[%emt 0:01:03]} Rc7 {[%emt 0:01:53]} 52. Rb8 {[%emt 0:00:47]} Bc3 {[%emt 0:02:57]} 53. Qa6 {[%emt 0:02:39]} Kh7 {[%emt 0:00:48]} 54. Ra8 {[%emt 0:01:56]} Bb4 {[%emt 0:01:30]} 55. Qe2 {[%emt 0:03:25]} Kh6 {[%emt 0:01:08]} 56. Qa6 {[%emt 0:01:20]} Kh7 {[%emt 0:00:35]} 57. Qe2 {[%emt 0:01:43]} Kh6 {[%emt 0:00:05]} 58. Bd5 {[%emt 0:00:18]} Qf6 {[%emt 0:01:07]} 59. e4 {[%emt 0:00:24]} Kh7 {[%emt 0:01:15]} 60. Re8 {[%emt 0:00:40]} Bc5 {[%emt 0:01:20]} 61. Ra8 {[%emt 0:00:30]} Bb4 {[%emt 0:00:01]} 62. Ra6 {[%emt 0:00:07]} Qe7 {[%emt 0:00:25]} 63. Rb6 {[%emt 0:00:08]} Bc3 {[%emt 0:00:58]} 64. Ra6 {[%emt 0:01:49]} Bb4 {[%emt 0:00:05]} 65. Ra8 {[%emt 0:00:38]} Qf6 {[%emt 0:00:12]} 66. Ra6 {[%emt 0:00:35]} Qe7 {[%emt 0:00:06]} 67. Rb6 {[%emt 0:00:37]} Bc3 {[%emt 0:00:06]} 68. Rb3 {[%emt 0:00:17]} Kg7 {[%emt 0:00:54]} 69. Qa6 {[%emt 0:00:19]} Qf6 {[%emt 0:01:50]} 70. Qa8 {[%emt 0:00:16]} Kh7 {[%emt 0:00:52]} 71. Qe8 {[%emt 0:00:07]} Kg7 {[%emt 0:01:43]} 72. Rb8 {[%emt 0:00:12]} Kh6 {[%emt 0:00:40]} 73. Rb6 {[%emt 0:01:05]} Qg7 {[%emt 0:00:52]} 74. Qd8 {[%emt 0:00:13]} Ra7 {[%emt 0:00:45]} 75. Qb8 {[%emt 0:00:18]} Re7 {[%emt 0:00:25]} 76. Ra6 {[%emt 0:00:46]} Kh7 {[%emt 0:00:49]} 77. Qd8 {[%emt 0:00:14]} Bb4 {[%emt 0:01:16]} 78. Rxa5 {[%emt 0:00:15]} Qf6 {[%emt 0:00:30]} 79. Ra8 {[%emt 0:01:11]} Bc5 {[%emt 0:00:50]} 80. f3 {[%emt 0:00:14]} Bb6 {[%emt 0:00:50]} 81. Qg8+ {[%emt 0:00:24]} Kh6 {[%emt 0:00:01]} 82. Ra6 {[%emt 0:00:49]} Ra7 {[%emt 0:01:14]} 83. Rxb6 {[%emt 0:00:09]} 1-0

[Event "71st RUS-ch Higher League 2018"]
[Site "Yaroslavl"]
[Date "2018.07.02"]
[Round "6"]
[White "Potkin, Vladimir"]
[Black "Shaposhnikov, Evgeny"]
[Result "1/2-1/2"]
[WhiteElo "2592"]
[BlackElo "2572"]
[Annotator "TA"]
[PlyCount "96"]
[EventDate "2018.06.26"]
[EventType "swiss"]
[EventCountry "RUS"]
[SourceTitle "playchess.com"]
[Source "ChessBase"]
[SourceQuality "1"]

{[%evp 29,96,49,58,37,42,41,39,43,45,41,49,39,50,44,41,35,48,20,83,70,68,0,0,0,0,0,0,0,0,0,0,0,0,0,0,0,0,0,0,0,0,0,0,0,0,0,0,0,0,0,0,0,0,0,0,0,0,0,0,0,0,0,0,0,0,0,0,0,0]} 1. c4 c5 2. Nf3 Nc6 3. d4 cxd4 4. Nxd4 g6 5. e4 Bg7 6. Be3 Nf6 7. Nc3 d6 8. Be2 O-O 9. O-O Nxd4 10. Bxd4 Bd7 11. Qd2 a5 12. b3 Bc6 13. f3 Nd7 14. Be3 Nc5 15. Rab1 e6 {[#] LiveBook: 123 Partien} 16. Rf2 $146 {B38: Sizilianisch (Maroczy-Aufbau)} ({Vorgänger:} 16. a3 Be5 17. b4 axb4 18. axb4 Ra3 19. bxc5 Rxc3 20. f4 Bg7 21. e5 dxe5 22. Qxc3 exf4 23. Qd2 Qg5 {0-1 (43) Bu,X (2730)-Savchenko,B (2566) Riadh 2017}) 16... Qe7 17. Bf1 f5 18. exf5 {Weiß steht etwas besser.} Rxf5 19. Ne2 Be5 {[#] Weiss muss nun ...Lxh2+! beachten.} 20. Ng3 Rf7 21. Rd1 d5 22. cxd5 Bxd5 23. Qc1 b6 (23... Na6 $11 {hält das Gleichgewicht.}) 24. Bc4 $16 Rc8 25. Rxd5 (25. Bxd5 $14 exd5 26. Rxd5) 25... Nxb3 $11 {Die Stellung ist ausgeglichen.} 26. Qe1 ({Nur nicht} 26. axb3 $2 exd5 27. Ne4 dxc4 $19) 26... exd5 27. Bxb3 Bxg3 $1 28. hxg3 Re8 29. Re2 d4 $1 30. Ba4 Rff8 31. Bb3+ Rf7 $1 32. Ba4 Rff8 33. Bb3+ Rf7 $1 34. Kf2 dxe3+ 35. Rxe3 Qc5 36. Qc3 {[#] Dxc5 ist eine echte Drohung.} Rxe3 37. Qxe3 {[%mdl 4096] Endspiel KDT-KDL} h5 38. Ke2 {zielt auf De8+ ab.} Qxe3+ 39. Kxe3 Kf8 {Droht ...Tc7 und aus.} 40. Bxf7 Kxf7 {KB-KB} 41. Kd4 Ke6 42. Kc4 {Droht stark Kb5.} Kd6 43. Kb5 Kc7 44. Kc4 Kc6 45. a4 Kd7 46. Kd3 Kc7 47. Kc3 Kb7 48. Kb3 Kc6 {Precision: Weiß = 78%, Schwarz = 90%.} 1/2-1/2

[Event "71st RUS-ch Higher League 2018"]
[Site "Yaroslavl"]
[Date "2018.07.02"]
[Round "6"]
[White "Pridorozhni, Aleksei"]
[Black "Predke, Alexandr"]
[Result "1/2-1/2"]
[WhiteElo "2589"]
[BlackElo "2613"]
[Annotator "TA"]
[PlyCount "80"]
[EventDate "2018.06.26"]
[EventType "swiss"]
[EventCountry "RUS"]
[SourceTitle "playchess.com"]
[Source "ChessBase"]
[SourceQuality "1"]

{[%evp 12,80,0,2,5,0,0,0,0,0,8,8,5,2,2,2,6,0,7,1,3,7,5,0,0,0,0,0,0,0,0,0,0,0,0,0,0,0,0,0,0,0,0,0,0,0,0,0,0,0,0,0,0,0,0,0,0,0,0,0,0,0,0,0,0,0,0,0,0,-14,0]} 1. e4 e5 2. Nc3 Nc6 3. g3 Bc5 4. Bg2 a6 5. d3 d6 6. Nf3 {C25: Vienna Game: Alternatives to 2...Nf6} Nge7 7. Be3 {LiveBook: 7 Games. The position is equal.} Bg4 $146 ({Predecessor:} 7... Bxe3 8. fxe3 O-O 9. Nh4 f5 10. O-O fxe4 11. Rxf8+ Qxf8 12. Bxe4 {½-½ (34) De la Riva Aguado,O (2497)-Bachmann,A (2593) Bilbao 2015}) 8. h3 Bxf3 9. Bxf3 O-O 10. Bg2 Nd4 11. Ne2 Nxe2 12. Qxe2 Bxe3 13. fxe3 f5 14. O-O c6 15. Kh2 Qb6 16. c3 g6 17. h4 Kg7 18. exf5 Nxf5 19. Rf3 Nh6 20. Raf1 Ng4+ 21. Kh1 {[#] Black must now prevent Rxf8.} h5 22. Bh3 Nf6 23. e4 Nh7 24. Qd2 Qc7 25. Kg2 Rxf3 26. Rxf3 Rf8 27. Rxf8 Nxf8 28. Qe3 Nh7 29. g4 hxg4 30. Bxg4 Nf6 31. Bf3 Qf7 32. b3 Qf8 33. Qg5 Kf7 34. Qe3 Kg7 35. Qb6 Qc8 36. Qe3 Kf7 37. Kg3 Qc7 38. Qg5 Qb6 {[#] Strongly threatening ...Qg1+.} 39. Kg2 Qa5 40. Qd2 c5 {Precision: White = 91%, Black = 88%.} 1/2-1/2

[Event "71st RUS-ch Higher League 2018"]
[Site "Yaroslavl"]
[Date "2018.07.02"]
[Round "6"]
[White "Timofeev, Artyom"]
[Black "Rakhmanov, Aleksandr"]
[Result "1/2-1/2"]
[WhiteElo "2583"]
[BlackElo "2627"]
[Annotator "ChessBase"]
[PlyCount "38"]
[EventDate "2018.06.26"]
[EventType "swiss"]
[EventCountry "RUS"]
[SourceTitle "playchess.com"]
[Source "ChessBase"]
[SourceQuality "1"]
[TimeControl "40/5400+30:1800+30"]

1. d4 {[%emt 0:00:00]} Nf6 {[%emt 0:00:33]} 2. Nf3 {[%emt 0:00:00]} e6 {[%emt 0:06:52]} 3. c4 {[%emt 0:02:28]} b6 {[%emt 0:02:38]} 4. Nc3 {[%emt 0:03:41]} Bb7 {[%emt 0:01:54]} 5. e3 {[%emt 0:01:50]} Ne4 {[%emt 0:08:25]} 6. Bd3 {[%emt 0:07:26]} Nxc3 {[%emt 0:01:08]} 7. bxc3 {[%emt 0:00:06]} d6 {[%emt 0:01:25]} 8. Qc2 {[%emt 0:08:23]} h6 {[%emt 0:04:00]} 9. Be4 {[%emt 0:12:57]} Qc8 {[%emt 0:08:08]} 10. Bxb7 {[%emt 0:07:00]} Qxb7 {[%emt 0:00:15]} 11. e4 {[%emt 0:00:08]} Nd7 {[%emt 0:00:49]} 12. Be3 {[%emt 0:00:53]} Be7 {[%emt 0:07:00]} 13. O-O {[%emt 0:02:02]} O-O {[%emt 0:00:34]} 14. a4 {[%emt 0:02:02]} e5 {[%emt 0:10:03]} 15. h3 {[%emt 0:02:33]} Nf6 {[%emt 0:01:54]} 16. Nd2 {[%emt 0:00:32]} Nh7 {[%emt 0:01:26]} 17. Nf3 {[%emt 0:02:52]} Nf6 {[%emt 0:00:16]} 18. Nd2 {[%emt 0:02:26]} Nh7 {[%emt 0:00:22]} 19. Nf3 {[%emt 0:00:43]} Nf6 1/2-1/2

[Event "71st RUS-ch Higher League 2018"]
[Site "Yaroslavl"]
[Date "2018.07.02"]
[Round "6"]
[White "Sakaev, Konstantin"]
[Black "Sychev, Klementy"]
[Result "1/2-1/2"]
[WhiteElo "2580"]
[BlackElo "2527"]
[Annotator "RC"]
[PlyCount "81"]
[EventDate "2018.06.26"]
[EventType "swiss"]
[EventCountry "RUS"]
[SourceTitle "playchess.com"]
[Source "ChessBase"]
[SourceQuality "1"]
[TimeControl "40/5400+30:1800+30"]

1. Nf3 {[%emt 0:00:00]} Nf6 {[%emt 0:00:00]} 2. c4 {[%emt 0:00:00]} g6 {[%emt 0:00:44]} 3. Nc3 {[%emt 0:00:00]} d5 {[%emt 0:00:14]} 4. cxd5 {[%emt 0:00:06]} Nxd5 {[%emt 0:00:04]} 5. h4 {[%emt 0:00:33]} Bg7 {[%emt 0:00:57]} 6. e4 {[%emt 0:00:54]} Nxc3 {[%emt 0:01:40]} 7. dxc3 {[%emt 0:00:05]} Qxd1+ {[%emt 0:00:46]} 8. Kxd1 {[%emt 0:00:14]} Nd7 {[%emt 0:04:04]} 9. Nd4 {[%emt 0:00:44]} c6 {[%emt 0:22:38]} 10. h5 {[%emt 0:18:40]} Nb6 {[%emt 0:26:09]} 11. a4 {[%emt 0:12:43]} e5 {[%emt 0:02:32]} 12. Nb3 {[%emt 0:01:55]} f5 {[%emt 0:09:52]} 13. a5 {[%emt 0:02:10]} Nd7 {[%emt 0:00:26]} 14. h6 {[%emt 0:19:31]} Bf8 {[%emt 0:02:01]} 15. exf5 {[%emt 0:01:18]} gxf5 {[%emt 0:01:59]} 16. Bc4 {[%emt 0:01:13]} Bd6 {[%emt 0:04:15]} 17. Bg5 {[%emt 0:02:23]} Be7 {[%emt 0:05:45]} 18. Bxe7 {[%emt 0:11:58]} Kxe7 {[%emt 0:00:03]} 19. Kc2 {[%emt 0:00:52]} e4 {[%emt 0:04:12]} 20. f4 {[%emt 0:07:30]} Nf6 {[%emt 0:01:13]} 21. Rh3 {[%emt 0:03:24]} Bd7 {[%emt 0:05:55]} 22. Nc5 {[%emt 0:02:16]} b5 {[%emt 0:01:24]} 23. axb6 {[%emt 0:09:02]} axb6 {[%emt 0:00:01]} 24. Rxa8 {[%emt 0:00:06]} Rxa8 {[%emt 0:00:03]} 25. Nxd7 {[%emt 0:00:06]} Kxd7 {[%emt 0:00:08]} 26. Rg3 {[%emt 0:00:52]} Ng4 {[%emt 0:02:47]} 27. Be2 {[%emt 0:00:05]} Rg8 {[%emt 0:00:38]} 28. Bxg4 {[%emt 0:01:28]} fxg4 {[%emt 0:02:00]} 29. Re3 {[%emt 0:00:28]} Rg6 {[%emt 0:00:53]} 30. Rxe4 {[%emt 0:00:16]} Rxh6 {[%emt 0:00:05]} 31. f5 {[%emt 0:00:33]} Rf6 {[%emt 0:00:17]} 32. Rxg4 {[%emt 0:00:09]} Rxf5 {[%emt 0:00:04]} 33. Rg7+ {[%emt 0:00:07]} Kd6 {[%emt 0:00:09]} 34. Rxh7 {[%emt 0:00:25]} Rf2+ {[%emt 0:00:06]} 35. Kb3 {[%emt 0:00:04]} Rxg2 {[%emt 0:00:05]} 36. Rh6+ {[%emt 0:00:03]} Kc7 {[%emt 0:00:09]} 37. Rh7+ {[%emt 0:00:05]} Kd6 {[%emt 0:00:03]} 38. Rh6+ {[%emt 0:00:05]} Kc7 {[%emt 0:00:06]} 39. Rh7+ {[%emt 0:00:04]} Kd6 {[%emt 0:00:04]} 40. Rh6+ {[%emt 0:00:00]} Kc7 {[%emt 0:00:00]} 41. Rh7+ {[%emt 0:00:08]} 1/2-1/2

[Event "71st RUS-ch Higher League 2018"]
[Site "Yaroslavl"]
[Date "2018.07.02"]
[Round "6"]
[White "Moskalenko, Alexander"]
[Black "Zakaryan, David"]
[Result "1/2-1/2"]
[WhiteElo "2558"]
[BlackElo "2387"]
[Annotator "TA"]
[PlyCount "95"]
[EventDate "2018.06.26"]
[EventType "swiss"]
[EventCountry "RUS"]
[SourceTitle "playchess.com"]
[Source "ChessBase"]
[SourceQuality "1"]

{[%evp 14,95,22,2,2,0,15,10,8,4,19,14,26,29,40,36,37,39,43,17,18,0,1,-22,53,25,54,54,61,61,61,61,61,61,61,62,62,28,41,0,0,0,0,0,0,-4,0,-62,-43,-65,0,0,0,0,0,-33,-45,-54,0,0,0,0,0,0,0,0,0,0,0,0,0,0,0,-6,-6,-6,-6,-6,0,0,0,-23,0,0]} 1. d4 Nf6 2. Bf4 c6 3. c3 d5 4. e3 Bf5 5. Nf3 Qb6 6. Qb3 {D02: 1 d4 d5 2 Nf3 sidelines, including 2...Nf6 3 g3 and 2...Nf6 3 Bf4} Nbd7 (6... h6 7. h3 e6 8. Nbd2 {½-½ (8) Lendwai,R (2380)-Grimm,D (2319) Austria 2018}) 7. h3 h6 8. Nbd2 {LiveBook: 16 Games} g5 9. Bh2 Bg7 10. Ne5 Nxe5 11. Bxe5 O-O 12. Be2 Ne4 $146 ({Predecessor:} 12... Nd7 13. Bxg7 Kxg7 {½-½ (41) Fischer,G (2026)-Jandke,M (2156) Seefeld 2006}) 13. Bh2 Nxd2 14. Kxd2 Qxb3 15. axb3 f6 16. Ra5 e5 17. Bh5 a6 18. h4 exd4 (18... gxh4 $11 19. Be2 Rf7) 19. exd4 $14 Kh7 20. Re1 Bg6 21. Bxg6+ Kxg6 22. Re7 b6 23. Ra1 gxh4 24. Rc7 Rfc8 25. Rb7 b5 26. b4 h5 27. Bf4 Bh6 28. Bxh6 Kxh6 $11 {[%mdl 4096] Endgame KRR-KRR} 29. Ke3 Rg8 {[#] White must now prevent ...Rae8+.} 30. Re7 (30. Kf3 $11) 30... Rxg2 $15 31. Rh1 $1 a5 (31... Rg4 $15) 32. bxa5 $1 $11 Rxa5 33. Rxh4 Ra2 34. Rf4 Rg6 35. Re6 f5 (35... Kg5 $1 $15 36. Rxc6 f5) 36. Re5 Rxb2 37. Rfxf5 Rb3 38. Rxh5+ Kg7 39. Re7+ Kg8 40. Kd2 Rb2+ 41. Ke3 Rc2 42. Re8+ Kf7 43. Rhe5 Rxc3+ 44. Kf4 Rf6+ 45. Kg5 {[%csl Ge8][%cal Re5e7] [#]} Rg6+ 46. Kf4 Rf6+ 47. Kg5 {[%csl Ge8][%cal Re5e7]} Rg6+ 48. Kf4 {Precision: White = 58%, Black = 62%.} 1/2-1/2

[Event "71st RUS-ch Higher League 2018"]
[Site "Yaroslavl"]
[Date "2018.07.02"]
[Round "6"]
[White "Lomasov, Semen"]
[Black "Sviridov, Valery"]
[Result "0-1"]
[WhiteElo "2549"]
[BlackElo "2513"]
[Annotator "RC"]
[PlyCount "72"]
[EventDate "2018.06.26"]
[EventType "swiss"]
[EventCountry "RUS"]
[SourceTitle "playchess.com"]
[Source "ChessBase"]
[SourceQuality "1"]
[TimeControl "40/5400+30:1800+30"]

1. e4 {[%emt 0:00:00]} g6 {[%emt 0:00:00]} 2. d4 {[%emt 0:00:00]} Bg7 {[%emt 0:00:00]} 3. Nc3 {[%emt 0:00:00]} d6 {[%emt 0:00:07]} 4. Be3 {[%emt 0:00:00]} a6 {[%emt 0:00:47]} 5. Nf3 {[%emt 0:00:16]} b5 {[%emt 0:00:55]} 6. Bd3 {[%emt 0:00:29]} Nd7 {[%emt 0:00:44]} 7. e5 {[%emt 0:04:18]} Bb7 {[%emt 0:04:51]} 8. e6 {[%emt 0:01:37]} fxe6 {[%emt 0:00:10]} 9. Ng5 {[%emt 0:00:05]} Nf8 {[%emt 0:00:18]} 10. O-O {[%emt 0:00:08]} Nh6 {[%emt 0:02:44]} 11. a4 {[%emt 0:20:12]} b4 {[%emt 0:01:33]} 12. Nce4 {[%emt 0:00:17]} Nf5 {[%emt 0:05:33]} 13. c3 {[%emt 0:00:37]} bxc3 {[%emt 0:03:36]} 14. bxc3 {[%emt 0:01:04]} h6 {[%emt 0:00:53]} 15. Nf3 {[%emt 0:03:40]} Nd7 {[%emt 0:07:13]} 16. g4 {[%emt 0:24:28]} Nxe3 {[%emt 0:01:31]} 17. fxe3 {[%emt 0:00:04]} O-O {[%emt 0:00:33]} 18. g5 {[%emt 0:06:25]} Rb8 {[%emt 0:07:01]} 19. Ra2 {[%emt 0:03:26]} Qe8 {[%emt 0:08:53]} 20. Rg2 {[%emt 0:02:05]} h5 {[%emt 0:02:15]} 21. Qc2 {[%emt 0:00:31]} Nb6 {[%emt 0:09:54]} 22. Ned2 {[%emt 0:05:48]} Qxa4 {[%emt 0:05:16]} 23. Qc1 {[%emt 0:00:01]} Nd5 {[%emt 0:02:37]} 24. Re2 {[%emt 0:08:00]} Qc6 {[%emt 0:03:06]} 25. Bxg6 {[%emt 0:00:50]} Nxc3 {[%emt 0:03:00]} 26. Ref2 {[%emt 0:01:53]} e5 {[%emt 0:03:21]} 27. dxe5 {[%emt 0:03:54]} Bxe5 {[%emt 0:01:22]} 28. Qc2 {[%emt 0:01:01]} Bg7 {[%emt 0:02:07]} 29. Bh7+ {[%emt 0:02:48]} Kh8 {[%emt 0:00:08]} 30. Qg6 {[%emt 0:03:32]} Qe8 {[%emt 0:01:43]} 31. Qd3 {[%emt 0:01:25]} Qd7 {[%emt 0:03:04]} 32. h3 {[%emt 0:01:00]} Qxh3 {[%emt 0:06:04]} 33. Rh2 {[%emt 0:00:09]} Qg4+ {[%emt 0:00:08]} 34. Rg2 {[%emt 0:00:06]} Qe6 {[%emt 0:00:08]} 35. Rff2 {[%emt 0:06:25]} Nd1 {[%emt 0:08:10]} 36. Nh4 {[%emt 0:00:55]} Rxf2 {[%emt 0:00:08]} 0-1

[Event "71st RUS-ch Higher League 2018"]
[Site "Yaroslavl"]
[Date "2018.07.02"]
[Round "6"]
[White "Ovetchkin, Roman"]
[Black "Lysyj, Igor"]
[Result "0-1"]
[WhiteElo "2546"]
[BlackElo "2630"]
[Annotator "ChessBase"]
[PlyCount "74"]
[EventDate "2018.06.26"]
[EventType "swiss"]
[EventCountry "RUS"]
[SourceTitle "playchess.com"]
[Source "ChessBase"]
[SourceQuality "1"]
[TimeControl "40/5400+30:1800+30"]

1. d4 {[%emt 0:00:00]} e6 {[%emt 0:00:16]} 2. c4 {[%emt 0:02:25]} b6 {[%emt 0:01:12]} 3. a3 {[%emt 0:02:06]} Bb7 {[%emt 0:00:20]} 4. Nc3 {[%emt 0:00:17]} Nf6 {[%emt 0:00:13]} 5. d5 {[%emt 0:11:24]} Bd6 {[%emt 0:00:10]} 6. Nf3 {[%emt 0:00:35]} O-O {[%emt 0:00:51]} 7. g3 {[%emt 0:02:50]} c6 {[%emt 0:12:28]} 8. Bg5 {[%emt 0:00:47]} cxd5 {[%emt 0:03:11]} 9. cxd5 {[%emt 0:01:24]} exd5 {[%emt 0:01:43]} 10. Bg2 {[%emt 0:03:55]} Na6 {[%emt 0:15:00]} 11. O-O {[%emt 0:01:59]} Nc7 {[%emt 0:01:55]} 12. Nd4 {[%emt 0:28:42]} h6 {[%emt 0:15:26]} 13. Ndb5 {[%emt 0:02:36]} Nxb5 {[%emt 0:01:32]} 14. Nxb5 {[%emt 0:00:07]} Be5 {[%emt 0:03:15]} 15. Bf4 {[%emt 0:04:11]} d6 {[%emt 0:02:59]} 16. Qb3 {[%emt 0:12:24]} Re8 {[%emt 0:06:51]} 17. Be3 {[%emt 0:04:32]} Ng4 {[%emt 0:10:34]} 18. Bd2 {[%emt 0:00:54]} a6 {[%emt 0:03:28]} 19. Nc3 {[%emt 0:01:58]} Nf6 {[%emt 0:00:19]} 20. Rad1 {[%emt 0:01:23]} Rc8 {[%emt 0:02:34]} 21. Be3 {[%emt 0:06:00]} Bxc3 {[%emt 0:00:04]} 22. Bxb6 {[%emt 0:00:50]} Qd7 {[%emt 0:00:25]} 23. bxc3 {[%emt 0:00:04]} Bc6 {[%emt 0:04:05]} 24. Qa2 {[%emt 0:01:33]} Bb5 {[%emt 0:00:33]} 25. Rd2 {[%emt 0:00:18]} Ne4 {[%emt 0:02:56]} 26. Bxe4 {[%emt 0:01:41]} dxe4 {[%emt 0:00:04]} 27. Rfd1 {[%emt 0:00:36]} Bc4 {[%emt 0:01:39]} 28. Qc2 {[%emt 0:01:03]} d5 {[%emt 0:00:32]} 29. Bd4 {[%emt 0:00:34]} Qh3 {[%emt 0:01:19]} 30. Rb1 {[%emt 0:00:44]} Re6 {[%emt 0:00:35]} 31. Qd1 {[%emt 0:00:18]} h5 {[%emt 0:00:31]} 32. Rdb2 {[%emt 0:00:49]} h4 {[%emt 0:01:04]} 33. Rb6 {[%emt 0:02:25]} e3 {[%emt 0:02:51]} 34. Rxe6 {[%emt 0:02:33]} exf2+ {[%emt 0:00:23]} 35. Bxf2 {[%emt 0:00:06]} Qxe6 {[%emt 0:01:03]} 36. gxh4 {[%emt 0:00:11]} Bxe2 {[%emt 0:01:05]} 37. Qd2 {[%emt 0:00:07]} Qg6+ {[%emt 0:00:07]} 0-1

[Event "71st RUS-ch Higher League 2018"]
[Site "Yaroslavl"]
[Date "2018.07.02"]
[Round "6"]
[White "Triapishko, Alexandr"]
[Black "Turov, Maxim"]
[Result "0-1"]
[WhiteElo "2513"]
[BlackElo "2600"]
[Annotator "RC"]
[PlyCount "90"]
[EventDate "2018.06.26"]
[EventType "swiss"]
[EventCountry "RUS"]
[SourceTitle "playchess.com"]
[Source "ChessBase"]
[SourceQuality "1"]
[TimeControl "40/5400+30:1800+30"]

1. e4 {[%emt 0:00:53]} c6 {[%emt 0:00:00]} 2. d4 {[%emt 0:00:11]} d5 {[%emt 0:00:00]} 3. Nc3 {[%emt 0:00:18]} dxe4 {[%emt 0:00:00]} 4. Nxe4 {[%emt 0:00:08]} Bf5 {[%emt 0:00:19]} 5. Nc5 {[%emt 0:00:12]} Nd7 {[%emt 0:00:57]} 6. Bd3 {[%emt 0:00:38]} Bxd3 {[%emt 0:01:17]} 7. Nxd3 {[%emt 0:00:13]} Ngf6 {[%emt 0:00:21]} 8. Nf3 {[%emt 0:00:34]} e6 {[%emt 0:00:10]} 9. O-O {[%emt 0:01:24]} Be7 {[%emt 0:00:21]} 10. c4 {[%emt 0:04:41]} O-O {[%emt 0:00:21]} 11. Qe2 {[%emt 0:03:22]} Re8 {[%emt 0:18:47]} 12. b3 {[%emt 0:10:50]} a5 {[%emt 0:01:49]} 13. a4 {[%emt 0:17:58]} Qb6 {[%emt 0:06:09]} 14. Qc2 {[%emt 0:11:15]} c5 {[%emt 0:04:25]} 15. Bb2 {[%emt 0:00:41]} cxd4 {[%emt 0:00:44]} 16. Nxd4 {[%emt 0:07:21]} Nc5 {[%emt 0:05:28]} 17. Rad1 {[%emt 0:05:27]} Rad8 {[%emt 0:01:21]} 18. Nb5 {[%emt 0:03:02]} Nxd3 {[%emt 0:06:30]} 19. Rxd3 {[%emt 0:00:22]} Rxd3 {[%emt 0:00:19]} 20. Qxd3 {[%emt 0:00:07]} Rd8 {[%emt 0:00:15]} 21. Qg3 {[%emt 0:09:22]} Rd7 {[%emt 0:09:59]} 22. Be5 {[%emt 0:03:18]} Ne8 {[%emt 0:01:05]} 23. h3 {[%emt 0:04:26]} h6 {[%emt 0:13:03]} 24. Bf4 {[%emt 0:04:30]} Kh7 {[%emt 0:01:59]} 25. Qf3 {[%emt 0:02:13]} Bc5 {[%emt 0:02:41]} 26. Be5 {[%emt 0:02:18]} Qd8 {[%emt 0:00:37]} 27. Nc3 {[%emt 0:02:41]} Nf6 {[%emt 0:01:20]} 28. Ne4 {[%emt 0:01:29]} Nxe4 {[%emt 0:04:25]} 29. Qxe4+ {[%emt 0:00:01]} f5 {[%emt 0:00:09]} 30. Qf3 {[%emt 0:00:42]} b6 {[%emt 0:00:38]} 31. Qh5 {[%emt 0:00:16]} Rd2 {[%emt 0:02:10]} 32. Qf7 {[%emt 0:01:49]} Qd7 {[%emt 0:00:13]} 33. Qxd7 {[%emt 0:00:45]} Rxd7 {[%emt 0:00:07]} 34. Bc3 {[%emt 0:01:49]} Rd3 {[%emt 0:03:50]} 35. Rc1 {[%emt 0:00:01]} f4 {[%emt 0:00:25]} 36. Rc2 {[%emt 0:01:49]} Rd1+ {[%emt 0:09:13]} 37. Kh2 {[%emt 0:00:03]} g5 {[%emt 0:00:06]} 38. g4 {[%emt 0:00:57]} Rd3 {[%emt 0:00:08]} 39. Be5 {[%emt 0:00:28]} h5 {[%emt 0:03:22]} 40. gxh5 {[%emt 0:00:00]} Kh6 {[%emt 0:00:00]} 41. h4 {[%emt 0:12:59]} Kxh5 {[%emt 0:01:58]} 42. hxg5 {[%emt 0:01:07]} Kxg5 {[%emt 0:00:08]} 43. Kg2 {[%emt 0:04:23]} Kf5 {[%emt 0:01:00]} 44. Bh8 {[%emt 0:04:20]} e5 {[%emt 0:00:55]} 45. f3 {[%emt 0:00:24]} Rd8 {[%emt 0:00:16]} 0-1